Представление документа в формате RUSMARC

ПолеНазваниеЗначение
  Тип записи a
  Библиографический уровень m
001 Контрольный номер f324b170d5144c40bd7d68fa47cb060b
005 Дата корректировки 20250915165310.6
010 Индекс ISBN __
a ISBN 978-5-907628-19-9
d Цена 260-98
100 Данные общей обработки __
a Данные общей обработки 20230331d2023 bcdy0rusy028902 ca
101 Язык документа 0_
a Язык текста rus
102 Страна публикации __
a Страна публикации RU
105 Кодированные данные (монография) __
a Кодированные данные (монография) a z 000zb
181 Поле кодированных данных: вид содержания _0
a Код вида содержания (ISBD) i
182 Поле кодированных данных: тип средства _0
a Код типа средства (ISBD) n
200 Заглавие и сведения об ответственности 1_
a Заглавие Житие святого благоверного князя Александра Невского в пересказе для детей
e Сведения, относящиеся к заглавию [для детей дошкольных и школьных возрастных групп]
f Первые сведения об ответственности Александр Ткаченко ; художник Наталия Буканова
203 Вид содержания и тип средства __
a Вид содержания Текст
c Тип средства непосредственный
210 Выходные данные 1_
a Место издания Москва
c Издательство Никея
d Дата издания 2023
215 Физическое описание __
a Объем 54, [1] с.
c Иллюстрации/тип воспроизводства цв. ил.
d Формат 17 см
225 Серия 2_
a Серия Два вечера чтения вслух
225 Серия 2_
a Серия Лесенка: детям о православии
225 Серия 2_
a Серия Никея детям
300 Общие примечания __
a Общие примечания На обложке автор не указан
330 Аннотация __
a Аннотация "Слабых нужно защищать. Эту простую истину каждый знает. Но вот исполнять её на деле бывает трудно, а иногда - просто страшно. Зато если ты сумел преодолеть свой противный страх и бросился на помощь, то всё получается совсем по-другому. А самое главное - тебе не придётся потом спорить со своей совестью. Это очень важно. Потому что совесть не зря называют голосом Бога в нашей душе. Через неё с человеком разговаривает сам Бог, и защищать слабых - Его прямое повеление". Вот так, в простых и ясных формулировках в книжке рассказывается о святом Александре Невском, который угодил Богу именно тем, что всю жизнь защищал слабых в самом прямом смысле - с оружием в руках, в смертельной схватке с обидчиками.
600 Персоналии _0
a Персоналии (Фамилия) Александр Невский
f Даты 1221-1263
2 Код системы nlr_sh
606 Тематические рубрики __
a Основная рубрика История
2 Код системы nlr_sh
606 Тематические рубрики __
a Основная рубрика Россия в IX - XVII вв.
2 Код системы nlr_sh
y Географическая подрубрика Киевская Русь
610 Ключевые слова 0_
a Ключевые слова биографии
610 Ключевые слова 0_
a Ключевые слова детская литература
610 Ключевые слова 0_
a Ключевые слова православная литература
610 Ключевые слова 0_
a Ключевые слова православные святые
610 Ключевые слова 0_
a Ключевые слова святые
610 Ключевые слова 0_
a Ключевые слова духовное воспитание
610 Ключевые слова 0_
a Ключевые слова агиография
610 Ключевые слова 0_
a Ключевые слова жития святых
610 Ключевые слова 0_
a Ключевые слова князья
610 Ключевые слова 0_
a Ключевые слова полководцы
610 Ключевые слова 0_
a Ключевые слова русские князья
610 Ключевые слова 0_
a Ключевые слова патриотическое воспитание
686 Индексы других классификаций __
2 Код системы rubbks
a Классификационный индекс мл63.3(2)
700 Автор _1
a Фамилия Ткаченко
b Имя А. Б.
g Полное личное имя Александр Борисович
4 Код отношения 070
f Даты 1967-
702 Вторичная интеллектуальная ответственность _1
a Фамилия Буканова
b Имя Н. А.
4 Код отношения 440
g Полное личное имя Наталия Анатольевна
801 Источник записи _0
a Страна RU
b Организация Муниципальное бюджетное учреждение культуры "Централизованная библиотечная система" г. Сургут (Центральная городская библиотека им. А. С. Пушкина)
c Дата составления 20230331
g Правила каталогизации PSBO
801 Источник записи _1
a Страна RU
b Организация Муниципальное бюджетное учреждение культуры "Централизованная библиотечная система" г. Сургут (Центральная городская библиотека им. А. С. Пушкина)
c Дата составления 20230331
g Правила каталогизации PSBO
852 Данные о местонахождении __
j Шифр хранения мл86
i Авторский знак Т 48
900 Макрообъекты __
a Макрообъекты Житие святого благоверного князя Александра Невского в пересказе для детей
901 Тип документа __
t Тип документа m
a Ответственный КиК/Котельникова
903 Характеристики (МАРС) __
a Дата передачи 20230331
c Наименование библиотеки (МАРС) Муниципальное бюджетное учреждение культуры "Централизованная библиотечная система" г. Сургут (Центральная городская библиотека им. А. С. Пушкина)
969 Тип издания __
a Тип издания издание для детей
990 Данные о заказе (DOS) __
j Количество экземпляров (DOS) 5
t N записи в КСУ для И/У (DOS) 202306